|
|
|
|
| LEADER |
00000nab a2200000 a 4500 |
| 001 |
vtls000827251 |
| 003 |
SK-MaSNL |
| 005 |
20260302162320.0 |
| 008 |
140302c2003 xo 0 slo |
| 015 |
|
|
|a SNBRB2003/03-06531
|
| 035 |
|
|
|a CLN000178906
|
| 040 |
|
|
|a SNKBUCL
|b slo
|c SNKBUCL
|e AACR2
|
| 041 |
0 |
|
|a slo
|
| 044 |
|
|
|a xo
|c SK
|
| 080 |
|
|
|a 371.27
|2 1997
|
| 245 |
0 |
0 |
|a Monitor 2003
|
| 650 |
0 |
7 |
|a Monitor 2003
|2 snkbucl
|9 861784
|
| 650 |
0 |
7 |
|a skúšky maturitné
|x testovanie maturantov experimentálne
|2 snkbucl
|9 856488
|
| 655 |
|
7 |
|a články z novín a časopisov
|2 snkbucl
|9 267496
|
| 773 |
0 |
|
|t Učiteľské noviny
|g Roč. 53, č. 9 (2003), s. 3-4
|x 0139-5769
|
| 850 |
|
|
|a Slovenská národná knižnica v Martine
|
| 852 |
|
|
|a SNK
|b KIS3GCP
|
| 958 |
|
|
|a SK
|
| 992 |
|
|
|a RBX
|
| 999 |
|
|
|c 1379813
|d 1381743
|